| 000 | 00619nam a22001817a 4500 | ||
|---|---|---|---|
| 005 | 20240624154144.0 | ||
| 010 | _aENG-140676 | ||
| 020 |
_a9789391028688 _c599.00 |
||
| 035 | _aEN-124208 | ||
| 037 | _bDBAD | ||
| 082 | _a333.73 | ||
| 100 |
_aRamesh, Mridula _967648 |
||
| 245 |
_aWatershed: _bHow We Destroyed India's Water and How We Can Save It/ _cBy Mridula Ramesh |
||
| 260 |
_aGurugram _bHachelle Book Publishing India Pvt Ltd _c2021 |
||
| 270 |
_a4th & %th Floor, Corporate Centre, Plot No. 94, Sector 44 _bGurugram _e122003 |
||
| 300 |
_axv,415p. _c22cm.(Hb) |
||
| 942 |
_2ddc _cEN _h333.73 _mRAM |
||
| 999 |
_c203658 _d203658 |
||